000 00727nam a2200253Ia 4500
003 OSt
005 20220918185002.0
006 a|||||r|||| 00| 0
007 ta
008 220917b |||||||| |||| 00| 0 eng d
024 _a49,127
037 _cTextual
040 _aARTS
_cARTS
_beng
041 _2eng
_aeng
082 _aP:4, M2
100 _aKittredge Richard ed
_967416
245 0 _aSublanguage
_b studies of language in restricted semantic domains
260 _aNew York
_bWalter de Gruyter
_c1982
300 _avi,240p.
_ccm.
650 _aLINGUISTICS
700 _a Lehrberger John ed
_967417
942 _hP:4, M2
_cTEXL
_2CC
999 _c178753
_d178753